|
|
|
|
| LEADER |
00688nam a22001931a 4500 |
| 020 |
|
|
|a 9788170814443
|
| 082 |
|
|
|a S103 207
|b AVD/K
|
| 100 |
|
|
|a Avdesh Panday
|9 168317
|
| 245 |
|
|
|a Kalidasa ke Raghuvamsh mahakavya me bhimbha vidhan/
|c by Avdesh Panday
|
| 260 |
|
|
|a Delhi:
|b Nag,
|c 1999.
|
| 300 |
|
|
|a 240p.
|
| 650 |
|
|
|a Epic Poetry Sanskrit Study
|9 168318
|
| 650 |
|
|
|a Raghuvamsha Study
|9 168319
|
| 650 |
|
|
|a Poetry Sanskrit Study
|9 168320
|
| 650 |
|
|
|a Literature Sanskrit
|9 168321
|
| 650 |
|
|
|a Literature
|9 168322
|
| 942 |
|
|
|c BK
|
| 999 |
|
|
|c 22565
|d 22565
|
| 952 |
|
|
|0 0
|1 0
|4 0
|6 S_103_207000000000000_AVA_K
|7 0
|9 31799
|a SSUS
|b SSUS
|d 2015-01-08
|g 71.00
|o S103 207 AVA/K
|p 037135
|r 2015-03-09
|v 0.00
|w 2015-01-08
|y BK
|